000 00281nam a22001337a 4500
008 170602b xxu||||| |||| 00| 0 eng d
020 _at 1802
041 _aeng
080 _a94(7/8)
100 _a17
101 _aSHH
245 _aAMERICA'S PAST
_cBRAIN, J.P
942 _2udc
_cBK
999 _c15719
_d15719